000 00621nam a2200205Ia 4500
003 GCL
008 140319s9999 xx 000 0 ara d
040 _aGCL /
_cGCL
082 0 4 _a811.72
_bظ د
100 1 _aحسين نصار
245 1 0 _aديوان ظافر الحداد ابن الاسكندرية /
_cحسين نصار
700 1 _aظافر الحداد، ابومنصور ظافر
260 _a[S.N] :
_bمكتبة مصر ،
_c1969
300 _a395 ص
490 _a
650 0 4 _aالشعر العربى
650 0 4 _aالادب العربى
650 0 4 _aدواوين وقصائد
942 _2ddc
_cBK
999 _c34635
_d34635